| 000 | 00752nam a2200289Ia 4500 | ||
|---|---|---|---|
| 005 | 20260324140411.0 | ||
| 008 | 008 260324s9999 xx 000 0 eng d | ||
| 020 | _a9780203903759 | ||
| 037 | _aEBOOK | ||
| 040 | _aCRL | ||
| 040 | _beng | ||
| 040 | _cCRL | ||
| 041 | _2eng | ||
| 041 | _aeng | ||
| 084 | _qCRL | ||
| 100 |
_aAndrew Garrod; Robert Kilkenny; Janie Victoria Ward; Tracy L. Robinson; Professor James P. Comer _91204248 |
||
| 245 | 0 | _aSouls Looking Back | |
| 245 | 0 | _bLife Stories of Growing Up Black | |
| 260 | _bTaylor and Francis | ||
| 260 | _c1999 | ||
| 365 | _a | ||
| 365 | _b235 | ||
| 856 | _uhttp://www.taylorfrancis.com/books/9780203903759 | ||
| 942 | _cEBOOK | ||
| 999 |
_c1806296 _d1806296 |
||